Využitie výpočtovej techniky pri výučbe a vizualizácii vektorových priestorov

Salvato in:
Dettagli Bibliografici
Autore principale: Sakáloš, Štefan
Natura: Capitolo di libro
Lingua:slovacco
Soggetti:
Tags: Aggiungi Tag
Nessun Tag, puoi essere il primo ad aggiungerne!!

MARC

LEADER 00000naa$a2200000$$$4500
001 0064988
005 20240502071751.5
041 0 |a slo 
044 |a SK 
245 1 0 |a Využitie výpočtovej techniky pri výučbe a vizualizácii vektorových priestorov  |c Štefan Sakáloš 
500 |a Abstrakt 
610 2 0 |a technika výpočtová 
610 2 0 |a matematika 
610 2 0 |a vyučovanie 
610 2 0 |a programy počítačové 
100 1 |a Sakáloš, Štefan